Score 0/9 Timer 01:00
2 Plays Today
Hint 4-Letter Word % Correct
* 5280 feet *MILE
96.3%
* Not low *HIGH
96.2%
Deep, audible breathSIGH
91.1%
Pocket breadPITA
83.8%
British singer OraRITA
80.8%
Religious ceremonyRITE
80.7%
Annoy or irritateRILE
80.4%
Star Wars Dark LordsSITH
79%
Safari helmetPITH
74.2%

Today's Daily Dose

Missing Word
Lizzo Songs

Get the Picture
The Longest Rivers

Remove Ads.
Support Sporcle.
Get the best of Sporcle when you Go Orange. This ad-free experience offers more features, more stats, and more fun while also helping to support Sporcle. Thank you for becoming a member.

You're not logged in!

Compare scores with friends on all Sporcle quizzes.
OR
Log In

Show Comments

Extras

Top Quizzes Today


Score Distribution

Your Account Isn't Verified!

In order to create a playlist on Sporcle, you need to verify the email address you used during registration. Go to your Sporcle Settings to finish the process.

Report this User

Report this user for behavior that violates our Community Guidelines.

Details: